000 00850cam a22001935a 4500
001 L140799
008 071011s1936 xxk eng u
035 _a(Sirsi) u140799
041 0 _aeng
110 2 _aWalker, Walton and Hanson
_95375
245 0 0 _aBunney and Keyworth, Nottinghamshire...
_bparticulars of sale of the valuable freehold mixed dairy farm known as the Moors Farm with house, buildings, cottage and keeper's house...to be sold by auction by Messrs. Walker, Walton and Hanson at the Welbeck Hotel, Nottingham, on Wednesday 19th February 1936...
260 _aS.l.
_bs.n.
_c[1936]
_e(Nottingham
_fWillsons)
300 _a[5] p.
_bcol. map
_c33 cm.
340 _aPrinted
351 _cSingle item
651 4 _aNottinghamshire
690 _aPROPERTY-PROPERTY ACQUISITION AND DISPOSAL-ACQUISITION AND DISPOSAL AT AUCTION
942 _n0
999 _c116491
_d116491